000 01259nam a2200229Ia 4500
999 _c55992
_d55992
001 23091
003 GE_BSU
005 20230426113233.0
008 181216s1957ge xx |||||||||||||| ||geo||
040 _cGE_BSU
041 _ageo
080 _a94(37)(092) პ-46
100 _aპლუტარქე.
_916068
245 _aრჩეული პარალელური ბიოგრაფიები : I /
_cპლუტარქე, ძვ. ბერძნ. თარგმ., შესავალი წერილი და განმარტებები დაურთო აკაკი ურუშაძემ.
264 _aთბილისი :
_bსახელგამი,
_c1957.
300 _a332 გვ. :
_bილ.
_c20 სმ.
653 _aრომაელი ისტორიული მოღვაწეები. ძველი ბერძენი ისტორიული მოღვაწეები.
653 _aრჩეული პარალელური ბიოგრაფიები
653 _aძველი ბერძნული ლიტერატურა
700 _aურუშაძე, აკაკი
_eმთარგმნელი
_917788
942 _cBK
_2udc